000 00862cam a22002651 4500
008 140423s1951 fr 000 0 fre
010 _a52017030
040 _aDLC
_cArCCA
_dOCoLC
_dDLC
050 0 0 _aPQ2637.A82
_bD5
092 0 4 _a848.91409
_bS2515
_221
099 _a04
_a848.91409 S2515
100 1 _aSartre, Jean-Paul ,
_d1905-1980
245 1 3 _aLe diable et le bon Dieu ;
_btrois actes et onze tableaux.
260 _aParis :
_bGallimard ,
_c1951.
300 _a282 p. ;
_c19 cm.
500 _aCopy no. (197625) gifted by French Dept.
500 _aCopy no. (199367) gifted by Tahani Umar
650 0 _aAuthors, French
_xHistory and criticism.
902 _a2
905 _aEman
_eRev.
905 _aRadwa
_eCat.
942 _2ddc
_cBK
999 _c133217
_d133217